000 00525nam a2200181Ia 4500
005 20250326141940.0
008 250326s9999 xx 000 0 und d
037 _aTextbook
040 _aFMSL
_beng
_cFMSL
041 _aeng
_2eng
084 _aX:89Q8 M5
_qFMSL
100 _aRosander A C
245 0 _aApplications of quality control in the service Industries
_cRosander A C
260 _aNew York
_bNew York, Marcel Dekker
_c1985
300 _a395p
942 _cTB
_hX:89Q8 M5
999 _c1292745
_d1292745